[Event "Osasco op"]
[Site "Osasco"]
[Date "2023.12.02"]
[Round "3"]
[White "Rodrigues, Leonardo De Miranda"]
[Black "Santana, Daniel Costa"]
[Result "1-0"]
[WhiteElo "2063"]
[BlackElo "1742"]
[PlyCount "45"]
[EventDate "2023.12.01"]
[EventType "swiss"]
[EventRounds "6"]
[EventCountry "BRA"]
[SourceTitle "CB50_2023"]
[SourceDate "2023.12.13"]
[SourceVersion "1"]
[SourceVersionDate "2023.12.13"]
[SourceQuality "1"]

1. d4 d5 2. Nf3 Nf6 3. c4 c6 4. e3 e6 5. Nc3 Be7 6. Qc2 Nbd7 7. g4 h6 8. Rg1 Qa5 9. Bd2 Bb4 10. g5 hxg5 11. Rxg5 g6 12. Bd3 Rh5 13. Bxg6 Rxg5 14. Nxg5 Nf8 15. Nxf7 dxc4 16. Ne5+ Ke7 17. 0-0-0 Bxc3 18. Bxc3 Qb5 19. a4 Qb6 20. Nxc4 Qd8 21. Bb4+ Kd7 22. Ne5+ Kc7 23. Nxc6 1-0

[Event "Osasco op"]
[Site "Osasco"]
[Date "2023.12.01"]
[Round "2"]
[White "Santana, Daniel Costa"]
[Black "Ferreira, Fernando Goncalves"]
[Result "1-0"]
[WhiteElo "1742"]
[BlackElo "1440"]
[PlyCount "57"]
[EventDate "2023.12.01"]
[EventType "swiss"]
[EventRounds "6"]
[EventCountry "BRA"]
[SourceTitle "CB50_2023"]
[SourceDate "2023.12.13"]
[SourceVersion "1"]
[SourceVersionDate "2023.12.13"]
[SourceQuality "1"]

1. b3 d5 2. Bb2 Bf5 3. Nf3 e6 4. c4 c5 5. cxd5 exd5 6. d4 Nc6 7. e3 Nf6 8. Bd3 Bxd3 9. Qxd3 Rc8 10. 0-0 cxd4 11. Nxd4 Be7 12. Nf5 0-0 13. Nxe7+ Nxe7 14. Bxf6 gxf6 15. Nc3 Qa5 16. Ne2 Rfd8 17. Qd4 Qa6 18. Ng3 Rc6 19. h4 Re6 20. Rfc1 Qa5 21. Rc5 Qb6 22. Rac1 Nc6 23. Qg4+ Kh8 24. Nf5 Rg8 25. Qh5 Rg6 26. Rxd5 Re5 27. Rd7 Qb5 28. Rxf7 Rg7 29. Rxg7 1-0

[Event "BRA-ch U2000 Amateurs"]
[Site "Sao Paulo"]
[Date "2022.06.19"]
[Round "7"]
[White "De Souza Monteiro, Marcos Paulo"]
[Black "Santana, Daniel Costa"]
[Result "1/2-1/2"]
[WhiteElo "1913"]
[BlackElo "1815"]
[PlyCount "132"]
[EventDate "2022.06.16"]
[EventType "swiss"]
[EventRounds "7"]
[EventCountry "BRA"]
[SourceTitle "CBM 208 Extra"]
[Source "ChessBase"]
[SourceDate "2022.07.31"]
[SourceVersion "1"]
[SourceVersionDate "2022.07.31"]
[SourceQuality "1"]

1. d4 Nf6 2. c4 g6 3. Nc3 Bg7 4. e4 d6 5. Nf3 0-0 6. Be2 c5 7. d5 Nbd7 8. h3 Ne8 9. Bf4 f5 10. exf5 Rxf5 11. Qd2 Nc7 12. Bd3 Rf8 13. 0-0 Nf6 14. Ng5 Nh5 15. Be3 e5 16. dxe6 Nxe6 17. Be2 Nhf4 18. Nxe6 Nxe2+ 19. Qxe2 Bxe6 20. Rad1 Qh4 21. Nd5 Rae8 22. b3 Rf7 23. Qd2 Qh5 24. Nf4 Qf5 25. Qd3 Be5 26. Nxe6 Rxe6 27. Qxf5 Rxf5 28. Rd5 Kf8 29. f4 Bg7 30. g4 Rf7 31. Kg2 Ke7 32. f5 gxf5 33. gxf5 Re4 34. Bg5+ Bf6 35. Kf3 Re5 36. Bxf6+ Kxf6 37. Rxd6+ Kg5 38. f6 Rf5+ 39. Ke2 Rxf1 40. Kxf1 Rxf6+ 41. Rxf6 Kxf6 42. Kg2 a6 43. Kg3 Kg5 44. a3 b5 45. cxb5 axb5 46. Kf3 Kf5 47. Ke3 Ke5 48. a4 bxa4 49. bxa4 Kd5 50. Kd3 c4+ 51. Kc3 Kc5 52. h4 h5 53. a5 Kb5 54. Kd4 Kxa5 55. Kxc4 Kb6 56. Kd5 Kc7 57. Ke6 Kc6 58. Kf5 Kd5 59. Kg6 Ke6 60. Kxh5 Kf7 61. Kh6 Kg8 62. h5 Kh8 63. Kg5 Kg8 64. h6 Kh8 65. h7 Kg7 66. h8Q+ Kxh8 1/2-1/2

[Event "BRA-ch U2000 Amateurs"]
[Site "Sao Paulo"]
[Date "2022.06.18"]
[Round "5"]
[White "Jorge, Denrick Cabral Jose"]
[Black "Santana, Daniel Costa"]
[Result "1-0"]
[WhiteElo "1891"]
[BlackElo "1815"]
[PlyCount "66"]
[EventDate "2022.06.16"]
[EventType "swiss"]
[EventRounds "7"]
[EventCountry "BRA"]
[SourceTitle "CBM 208 Extra"]
[Source "ChessBase"]
[SourceDate "2022.07.31"]
[SourceVersion "1"]
[SourceVersionDate "2022.07.31"]
[SourceQuality "1"]

1. e4 e5 2. Nf3 Nc6 3. d4 exd4 4. Bc4 Bc5 5. Ng5 Nh6 6. Nxf7 Nxf7 7. Bxf7+ Kxf7 8. Qh5+ g6 9. Qxc5 d6 10. Qb5 Rb8 11. 0-0 Qf6 12. f4 a6 13. Qd3 Be6 14. Bd2 Ke7 15. Na3 Kd7 16. c3 Rhf8 17. Nc2 dxc3 18. Bxc3 Qf7 19. b3 Rbd8 20. Nd4 Nxd4 21. Qxd4 c5 22. Qe3 Kc6 23. Rac1 b5 24. Ba5 Rde8 25. g3 Bh3 26. Rfd1 Qe7 27. e5 Rd8 28. Rxc5+ Kb7 29. Rc7+ Qxc7 30. Bxc7 Kxc7 31. Qa7+ Kc6 32. Qxa6+ Kc5 33. Rxd6 Rc8 1-0

[Event "BRA-ch U2000 Amateurs"]
[Site "Sao Paulo"]
[Date "2022.06.17"]
[Round "4"]
[White "Santana, Daniel Costa"]
[Black "Das Chagas, David Ferreira"]
[Result "0-1"]
[WhiteElo "1815"]
[BlackElo "1969"]
[PlyCount "130"]
[EventDate "2022.06.16"]
[EventType "swiss"]
[EventRounds "7"]
[EventCountry "BRA"]
[SourceTitle "CBM 208 Extra"]
[Source "ChessBase"]
[SourceDate "2022.07.31"]
[SourceVersion "1"]
[SourceVersionDate "2022.07.31"]
[SourceQuality "1"]

1. d4 Nf6 2. Nf3 g6 3. g3 Bg7 4. Bg2 d6 5. 0-0 c6 6. c4 0-0 7. Nc3 Qc7 8. Bf4 Nbd7 9. c5 Nh5 10. cxd6 exd6 11. Bg5 h6 12. Be3 Nb6 13. b3 Be6 14. Qd2 Kh7 15. Rac1 Qd7 16. Ne1 Nf6 17. f3 Rad8 18. Nd3 Qe7 19. Bf2 Rfe8 20. e4 d5 21. e5 Nfd7 22. Nf4 Bf5 23. Nd3 Be6 24. f4 Bf5 25. a4 Na8 26. b4 Nab6 27. Nc5 Nc4 28. Qa2 Nxc5 29. bxc5 b6 30. cxb6 axb6 31. Nd1 Bd3 32. Re1 Qb4 33. Rc3 Bb1 34. Qe2 Bf5 35. g4 Bd7 36. Rf3 Bxg4 37. Bh3 Bxf3 38. Qxf3 f5 39. Bh4 Ra8 40. Nc3 Nd2 41. Qg3 Qxd4+ 42. Kh1 Re6 43. Rd1 b5 44. Nb1 Qe4+ 45. Bg2 Qc2 46. Qe1 Nxb1 47. Rxb1 Rxa4 48. Rc1 Qb2 49. Bg3 Ra2 50. Qg1 Bf8 51. Rb1 Qe2 52. Ra1 Rxa1 53. Qxa1 Bc5 54. h4 Qe3 55. Kh2 Bf8 56. Qa8 Kg7 57. Qc8 Kf7 58. Qd7+ Be7 59. Qc8 b4 60. h5 g5 61. Qh8 gxf4 62. Qh7+ Ke8 63. Be1 Qxe1 64. Qxf5 Qxe5 65. Qxe5 Rxe5 0-1

[Event "BRA-ch U2000 Amateurs"]
[Site "Sao Paulo"]
[Date "2022.06.16"]
[Round "1"]
[White "Eto, Fabio Luis"]
[Black "Santana, Daniel Costa"]
[Result "0-1"]
[WhiteElo "1535"]
[BlackElo "1815"]
[PlyCount "102"]
[EventDate "2022.06.16"]
[EventType "swiss"]
[EventRounds "7"]
[EventCountry "BRA"]
[SourceTitle "CBM 208 Extra"]
[Source "ChessBase"]
[SourceDate "2022.07.31"]
[SourceVersion "1"]
[SourceVersionDate "2022.07.31"]
[SourceQuality "1"]

1. e4 e5 2. Nf3 d6 3. d4 Nd7 4. Bc4 c6 5. c3 h6 6. 0-0 Qc7 7. a4 a5 8. Re1 Ngf6 9. Qb3 Nb6 10. Bd3 Be6 11. c4 Be7 12. Be3 Nfd7 13. Nc3 0-0 14. Rac1 Bg4 15. Nd2 Bf6 16. dxe5 dxe5 17. h3 Bh5 18. Nf1 Be7 19. Ng3 Bg6 20. Be2 Bb4 21. Red1 Nc5 22. Bxc5 Bxc5 23. Qc2 Rad8 24. b3 Rxd1+ 25. Rxd1 Rd8 26. Bg4 Rxd1+ 27. Qxd1 Qd6 28. Qf3 Qd2 29. Nce2 Nd7 30. Nf1 Qd6 31. Bf5 Nf6 32. Neg3 Nd7 33. Ne3 Bb4 34. Ng4 Nc5 35. Bxg6 fxg6 36. Ne2 Qd1+ 37. Kh2 Qxb3 38. Nxe5 Qxf3 39. gxf3 Nxa4 40. Nd3 Nb6 41. c5 Na4 42. Nef4 Nxc5 43. Nc1 Bd2 44. Nfe2 Bxc1 45. Nxc1 b5 46. Kg3 a4 47. Na2 Nd3 48. f4 b4 49. Kf3 b3 50. Nc3 a3 51. Ke3 a2 0-1

[Event "BRA-ch U2000 Amateurs"]
[Site "Sao Paulo"]
[Date "2022.06.16"]
[Round "2"]
[White "Santana, Daniel Costa"]
[Black "Miragaia, Pedro Maddi Damian"]
[Result "1-0"]
[WhiteElo "1815"]
[BlackElo "1800"]
[PlyCount "45"]
[EventDate "2022.06.16"]
[EventType "swiss"]
[EventRounds "7"]
[EventCountry "BRA"]
[SourceTitle "CBM 208 Extra"]
[Source "ChessBase"]
[SourceDate "2022.07.31"]
[SourceVersion "1"]
[SourceVersionDate "2022.07.31"]
[SourceQuality "1"]

1. d4 d5 2. c4 c6 3. Nf3 Nf6 4. e3 e6 5. Bd3 dxc4 6. Bxc4 b5 7. Bd3 Nbd7 8. a4 Bb4+ 9. Nc3 Qb6 10. 0-0 0-0 11. axb5 Bxc3 12. bxc3 cxb5 13. Qb3 Rb8 14. Ba3 Re8 15. Rfb1 a6 16. c4 bxc4 17. Qxc4 Qa7 18. Bd6 Rxb1+ 19. Rxb1 Bb7 20. Qc7 Rb8 21. Ne5 Rc8 22. Qxb7 Rc1+ 23. Bf1 1-0

[Event "Osasco Carvalho Memorial"]
[Site "Osasco"]
[Date "2022.02.20"]
[Round "5"]
[White "Komatu, Felipe Karczewski"]
[Black "Santana, Daniel Costa"]
[Result "1/2-1/2"]
[WhiteElo "1568"]
[BlackElo "1853"]
[PlyCount "60"]
[EventDate "2022.02.18"]
[EventType "swiss"]
[EventRounds "6"]
[EventCountry "BRA"]
[SourceTitle "CBM 207 Extra"]
[Source "ChessBase"]
[SourceDate "2022.05.31"]
[SourceVersion "1"]
[SourceVersionDate "2022.05.31"]
[SourceQuality "1"]

1. c4 g6 2. e4 Bg7 3. g3 d6 4. Bg2 Nf6 5. Ne2 c5 6. 0-0 Nc6 7. Nbc3 h5 8. h3 Nd7 9. d3 h4 10. g4 Nd4 11. f4 f5 12. g5 Nb8 13. Be3 Nbc6 14. Rb1 Be6 15. a3 fxe4 16. Nxe4 a5 17. N2c3 Nf5 18. Bf2 Bd4 19. Qe1 Qc8 20. Na4 Ra6 21. Qe2 Kf7 22. Rbe1 Bxf2+ 23. Qxf2 Ncd4 24. Kh2 Bd7 25. Nac3 Bc6 26. Ne2 Nc2 27. Rc1 Nce3 28. Rfe1 Nxg2 29. Kxg2 Rb6 30. N2c3 Rb3 1/2-1/2

[Event "Osasco Carvalho Memorial"]
[Site "Osasco"]
[Date "2022.02.19"]
[Round "3"]
[White "De Resende, Sidnei"]
[Black "Santana, Daniel Costa"]
[Result "1/2-1/2"]
[WhiteElo "1679"]
[BlackElo "1853"]
[PlyCount "50"]
[EventDate "2022.02.18"]
[EventType "swiss"]
[EventRounds "6"]
[EventCountry "BRA"]
[SourceTitle "CBM 207 Extra"]
[Source "ChessBase"]
[SourceDate "2022.05.31"]
[SourceVersion "1"]
[SourceVersionDate "2022.05.31"]
[SourceQuality "1"]

1. c4 Nf6 2. Nc3 c5 3. g3 g6 4. Bg2 Bg7 5. Nf3 0-0 6. 0-0 d6 7. d3 Bd7 8. Bg5 h6 9. Bd2 Bc6 10. e4 Nfd7 11. Qc1 Kh7 12. Qc2 Ne5 13. a3 Nbd7 14. b4 Nxf3+ 15. Bxf3 b6 16. Bg2 Rc8 17. b5 Ba8 18. a4 f5 19. exf5 Rxf5 20. Rac1 Bf3 21. Nd5 Ne5 22. Bc3 Bxd5 23. Bxd5 Nf3+ 24. Bxf3 Rxf3 25. Bxg7 Kxg7 1/2-1/2

[Event "Osasco Carvalho Memorial"]
[Site "Osasco"]
[Date "2022.02.19"]
[Round "2"]
[White "Santana, Daniel Costa"]
[Black "Regiani, Rafael"]
[Result "1-0"]
[WhiteElo "1853"]
[BlackElo "1461"]
[PlyCount "67"]
[EventDate "2022.02.18"]
[EventType "swiss"]
[EventRounds "6"]
[EventCountry "BRA"]
[SourceTitle "CBM 207 Extra"]
[Source "ChessBase"]
[SourceDate "2022.05.31"]
[SourceVersion "1"]
[SourceVersionDate "2022.05.31"]
[SourceQuality "1"]

1. d4 d5 2. Bf4 Nc6 3. e3 e6 4. Nf3 Bd6 5. Bg3 Bxg3 6. hxg3 Nf6 7. Bb5 Bd7 8. c4 Qe7 9. c5 b6 10. Bxc6 Bxc6 11. Ne5 Bb5 12. Nc3 c6 13. a4 Ba6 14. Nxc6 Qc7 15. Nb4 Bb7 16. Nb5 Qd7 17. Nd6+ Ke7 18. 0-0 bxc5 19. dxc5 h5 20. Qd4 a5 21. Nd3 Ne4 22. Nxf7 Nd2 23. Qh4+ Kf8 24. Nde5 Qc7 25. Nxh8 Nxf1 26. Nhg6+ Kg8 27. Qxh5 Qxe5 28. Nxe5 Ba6 29. Qf7+ Kh7 30. Rd1 Rb8 31. Rd4 Rb4 32. Rxb4 axb4 33. Nd7 Nd2 34. Nf6+ 1-0

[Event "Sao Paulo Carnaval op"]
[Site "Sao Paulo"]
[Date "2020.02.22"]
[Round "2"]
[White "Cordeiro Silva, Marcos Antonio"]
[Black "Santana, Daniel Costa"]
[Result "1/2-1/2"]
[WhiteElo "1582"]
[BlackElo "1800"]
[PlyCount "125"]
[EventDate "2020.02.22"]
[EventType "swiss"]
[EventRounds "7"]
[EventCountry "BRA"]
[SourceTitle "CBM 195 Extra"]
[Source "ChessBase"]
[SourceDate "2020.05.31"]
[SourceVersion "1"]
[SourceVersionDate "2020.05.31"]
[SourceQuality "1"]

1. d4 d5 2. Bf4 Nf6 3. Nf3 Bf5 4. h3 e6 5. e3 c5 6. c3 Qb6 7. Qb3 Nbd7 8. Nbd2 Be7 9. Rc1 0-0 10. Be2 c4 11. Qxb6 Nxb6 12. Nh4 Be4 13. Nxe4 Nxe4 14. Nf3 Na4 15. Rc2 b5 16. 0-0 a5 17. Nd2 Nxd2 18. Rxd2 b4 19. cxb4 axb4 20. e4 c3 21. bxc3 Nxc3 22. exd5 Nxd5 23. Bg3 Rfc8 24. Bf3 Ra5 25. Bd1 Nc3 26. Bb3 Ne4 27. Re2 Nxg3 28. fxg3 Rd8 29. Rd1 Kf8 30. g4 Rxd4 31. Rxd4 Bc5 32. Kf1 Bxd4 33. Rc2 Bc3 34. Rf2 Ke7 35. Rf4 Ra7 36. Ke2 Rd7 37. Rc4 Rd2+ 38. Kf3 h6 39. Rc7+ Kf6 40. Rc4 g5 41. Rc6 Rd3+ 42. Ke2 Rd2+ 43. Kf3 Rd4 44. Ke3 Rf4 45. a4 Rf1 46. Kd3 Rd1+ 47. Kc4 Be1 48. a5 Rc1+ 49. Kb5 Rxc6 50. Kxc6 Ke5 51. Kc5 f5 52. gxf5 Kxf5 53. a6 e5 54. Kd5 Bf2 55. Bc2+ Kf4 56. Be4 b3 57. Bb1 b2 58. Be4 Ba7 59. Bb1 Kg3 60. Be4 b1Q 61. Bxb1 Kxg2 62. Bf5 Bd4 63. Bb1 1/2-1/2